Universal's Guide to All India Bar Examination/ (Record no. 212586)

MARC details
000 -LEADER
fixed length control field 00593nam a22001937a 4500
005 - DATE AND TIME OF LATEST TRANSACTION
control field 20250724150941.0
010 ## - LCCN (DPL NO)
LC control number ENG-146129
020 ## - INTERNATIONAL STANDARD BOOK NUMBER
International Standard Book Number 9789349015227
Terms of availability 1250.00
035 ## - SYSTEM CONTROL NUMBER
System control number EN-129661
037 ## - SOURCE OF ACQUISITION
Source of stock number/acquisition DBAD
082 ## - DEWEY DECIMAL CLASSIFICATION NUMBER
Classification number 000
Edition number 11
245 ## - TITLE STATEMENT
Title Universal's Guide to All India Bar Examination/
250 ## - EDITION STATEMENT
Edition statement 11
260 ## - PUBLICATION, DISTRIBUTION, ETC. (IMPRINT)
Place of publication, distribution, etc Gurgaon
Name of publisher, distributor, etc LexisNexis
Date of publication, distribution, etc 2025
270 ## - ADDRESS
Address 14th Floor, Building No.10, Tower-B, DLF Cyber city, Phase-II
City Gurgaon
Postal code 122002
300 ## - PHYSICAL DESCRIPTION
Extent 1048p.
Dimensions 24cm(pbk)
500 ## - GENERAL NOTE
General note Conducted By the Bar Council of India<br/>
942 ## - ADDED ENTRY ELEMENTS (KOHA)
Source of classification or shelving scheme Dewey Decimal Classification
Item type English Books
Classification part 000
Call number suffix UNI
Edition 11
Holdings
Withdrawn status Lost status Not for loan Collection code Home library Current library Date acquired Source of acquisition Cost, normal purchase price Full call number Barcode Copy number Cost, replacement price Koha item type
      Non-fiction Janak Puri Janak Puri 24/07/2025 Delivery of Books Act Division 1250.00 000 UNI EN-129661 1 1250.00 English Books

© Delhi Public Library
Hit Counter
free hit counter